000 01053nam2a2200241 4500
001 rc\2928008
005 20110818112022.5
035 _a(NLR Aleph) 007077663
090 _a13596528
_c13596528
100 _a20110818d1937 |||y0rusy50 ca
101 0 _arus
102 _aRU
105 _ay z |||||
200 1 _aБрахиоподы верхнего силура Среднеазиатской части СССР
210 _d1937
225 1 _aМонографии по палеонтологии СССР
_fГГУ-НКТП-СССР. Центр. науч.-исслед. геол.-разведочный ин-т. Под ред. И.И. Горского, Г.Я. Крымгольца, Б.К. Лихарева ... [и др.]
_vТ. 35
461 0 _1001rc\2928007
_12001#$aБрахиоподы кембрийских и силурийских отложений СССР$eВып. 1$vВып. 1
700 1 _aНикифорова
_bО. И.
801 0 _aRU
_bNLR
_gpsbo
801 1 _aRU
_bELAR
_2rusmarc
852 _aNLR
_j36-20/131
942 _cBOOK
980 _aNB